Osobitosti overovania účtovných závierok subjektov verejného záujmu diplomová práca

Salvato in:
Dettagli Bibliografici
Autore principale: Sucháň, Michal
Ente Autore: Fakulta hospodárskej informatiky EU. Katedra účtovníctva a audítorstva
Altri autori: Maděra, František
Natura: Libro
Lingua:slovacco
Pubblicazione: Bratislava 2018
Tags: Aggiungi Tag
Nessun Tag, puoi essere il primo ad aggiungerne!!

MARC

LEADER 00000nbm a2200000 4500
001 0243568
005 20181108092701.7
041 0 |a slo 
044 |a SK 
245 1 0 |a Osobitosti overovania účtovných závierok subjektov verejného záujmu  |b diplomová práca  |c Michal Sucháň ; školiteľ: František Maděra 
264 1 |a Bratislava  |c 2018 
300 |a 70 s. 
100 1 |a Sucháň, Michal 
700 1 |a Maděra, František 
710 2 |a Fakulta hospodárskej informatiky EU. Katedra účtovníctva a audítorstva